Psychiatry and psychology in the visual arts and aesthetics : a bibliography /

Saved in:
Bibliographic Details
Main Author: Kiell, Norman
Format: Book
Language:English
Published: Madison : University of Wisconsin Press, 1965.
Subjects:
LEADER 00976nam a2200253 a 4500
001 c000066607
003 CARM
005 00000000000000.0
008 700609s1965 b 00110 eng d
019 1 |a 2540873  |z 27692521  |5 LACONCORD2021 
035 |a (OCoLC)577877  |5 LACONCORD2021 
040 |d SCAE 
050 0 0 |a Z5931.K5 
100 1 |a Kiell, Norman. 
245 1 0 |a Psychiatry and psychology in the visual arts and aesthetics :  |b a bibliography /  |c compiled and edited by Norman Kiell. 
260 |a Madison :  |b University of Wisconsin Press,  |c 1965. 
300 |a xiv, 250 p ;  |c 25 cm. 
650 0 |a Art  |x Psychology  |x Bibliography. 
650 0 |a Psychiatry in art  |x Bibliography. 
650 0 |a Aesthetics  |x Bibliography. 
852 8 |b CARM  |h A2:AB31F0  |i C02391  |p 0092676  |f BK 
082 0 4 |a 016.70115 
999 f f |i 317115d5-8461-5b32-b0b0-0c67f254a0fb  |s 3f9d0145-7cce-5245-93b0-a5d88305ac1d 
952 f f |p Can circulate  |a CAVAL  |b CAVAL  |c CAVAL  |d CARM 1 Store  |e C02391  |f A2:AB31F0  |h Other scheme  |i book  |m 0092676